Sexualidad y adolescencia: texto padres

সংরক্ষণ করুন:
গ্রন্থ-পঞ্জীর বিবরন
প্রধান লেখক: Silva Raveau, Mónica (Author)
বিন্যাস: গ্রন্থ
ভাষা:স্প্যানিশ
প্রকাশিত: Santiago Eds. Universidad Católica de Chile 2001
সংস্করন:2a. ed
মালা:Aprendizaje
বিষয়গুলি:
ট্যাগগুলো: ট্যাগ যুক্ত করুন
কোনো ট্যাগ নেই, প্রথমজন হিসাবে ট্যাগ করুন!

MARC

LEADER 00000nam a2200000 a 4500
001 UCH7237
003 CL-VaPUC
008 091109e20010000CL |||||||||||||||||spa|d
020 |a 9561403137 
082 0 4 |a 612.6  |b SIL  |2 21 
100 0 |a Silva Raveau, Mónica  |e author  |9 543663 
245 1 0 |a Sexualidad y adolescencia: texto padres 
250 |a 2a. ed 
300 |a 81 p 
942 |c BK 
945 |d 20091109 00:00:00  |a lazolas 
260 |a Santiago  |b Eds. Universidad Católica de Chile  |c 2001 
650 0 |a Educación sexual  |9 308005 
650 0 |a Adolescencia  |9 307361 
650 0 |a Aspectos sexuales   |9 310122 
650 7 |a RELACIONES SEXUALES  |2 CL-VaPUC  |9 312685 
583 |a last modification  |c 20091109 00:00:00  |k Rodrigo Vera 
490 0 |a Aprendizaje 
999 |c 337903  |d 337901